CLINICAL AND RADIOGRAPHIC EVALUATION OF IMMEDIATELY LOADED BASAL IMPLANTS IN RESORBED RIDGES (Record no. 16185)

MARC details
000 -LEADER
fixed length control field 00378nam a22001337a 4500
003 - CONTROL NUMBER IDENTIFIER
control field SGT
082 ## - DEWEY DECIMAL CLASSIFICATION NUMBER
Classification number 617.692
Item number C13K
100 ## - MAIN ENTRY--PERSONAL NAME
Personal name SIMRAN PAL KAUR
245 ## - TITLE STATEMENT
Title CLINICAL AND RADIOGRAPHIC EVALUATION OF IMMEDIATELY LOADED BASAL IMPLANTS IN RESORBED RIDGES
260 ## - PUBLICATION, DISTRIBUTION, ETC. (IMPRINT)
Place of publication, distribution, etc DELHI NCR
Name of publisher, distributor, etc SGT UNIVERSITY GURUGRAM
Year of Publication 2013
300 ## - PAGE DESCRIPTION
No. of Pages 1-82
650 ## - SUBJECT ADDED ENTRY--TOPICAL TERM
Topical term or geographic name as entry element PROSTHODONTICS
942 ## - ADDED ENTRY ELEMENTS (KOHA)
Source of classification or shelving scheme Dewey Decimal Classification
Koha item type Thesis/Dissertation
Holdings
Withdrawn status Lost status Source of classification or shelving scheme Damaged status Not for loan Home library Current library Shelving location Date acquired Vendor Name SGTU Total Checkouts Full call number Accession No. (Barcode) Date last seen Bill Date Koha item type
    Dewey Decimal Classification     SGT Dental Library SGT Dental Library Reference Book 20/11/2018 PERFECT BOOK BINDING HOUSE NEW DELHI SGTU   617.692 C13K DT321 20/11/2018 20/11/2018 Thesis/Dissertation
    Dewey Decimal Classification     SGT Dental Library SGT Dental Library Reference Book 20/11/2018 PERFECT BOOK BINDING HOUSE NEW DELHI SGTU   617.692 C13K DT431 20/11/2018 20/11/2018 Thesis/Dissertation
    Dewey Decimal Classification     SGT Dental Library SGT Dental Library Reference Book 12/05/2021   SGTU   617.692 C13K DT1187 12/05/2021 12/05/2021 Thesis/Dissertation